| 000 | 00941cam a22002531i 4500 | ||
|---|---|---|---|
| 003 | SA-RiAUC | ||
| 005 | 20241126055147.0 | ||
| 008 | 241124s1987 le g 000 0 ara c | ||
| 040 |
_aLB-BrBFFI _bara _cSA-RiAUC. _erda |
||
| 082 | 0 | 4 | _a257.1 |
| 090 |
_a257.1 _bك ي ل |
||
| 100 | 1 |
_aالكيلاني، عدي زيد _eمؤلف. |
|
| 245 | 1 | 0 |
_aتأصيل وتنظيم السلطة في التشريعات الوضعية والشريعة الإسلامية / _cعدي زيد الكيلاني. |
| 250 | _aالطبعة الأولى. | ||
| 264 | 1 |
_aبيروت : _bدار البشير، _c1987 |
|
| 300 | _a202 صفحة | ||
| 336 |
_aنص _btxt _2rdacontent _3كتاب |
||
| 337 |
_aبدون وسيط _bn _2rdamedia |
||
| 338 |
_aمجلد _bnc _2rdacarrier |
||
| 650 | 7 |
_aالنظام السياسي في الإسلام _2aucsh |
|
| 650 | 7 |
_aنظم الحكم _2aucsh |
|
| 942 |
_2ddc _cBOOK _n0 |
||
| 949 |
_aSA-JeALM _d241124 _umohamedma123 _n1 |
||
| 999 |
_c2767 _d2767 |
||